| Tag |
First Indicator |
Second Indicator |
Subfields |
| LEADER |
00000cam a2200000 a 4500 |
| 001 |
in00001176821 |
| 005 |
20151002052129.0 |
| 008 |
930201s1992 inua 000 0aeng d |
| 019 |
|
|
|a 27363784
|
| 020 |
|
|
|a 0961736720
|
| 035 |
|
|
|a (OCoLC)27355628
|
| 035 |
|
|
|9 AGH6760AM
|
| 040 |
|
|
|a XCA
|c XCA
|d OCL
|d IVV
|d UtOrBLW
|
| 043 |
|
|
|a n-us---
|a n-us-in
|
| 049 |
|
|
|a TXAM
|
| 090 |
|
|
|a E601
|b .M13 1992
|
| 092 |
|
|
|a 973.74
|b B355h
|
| 100 |
1 |
|
|a McClure, John R.
|
| 245 |
1 |
0 |
|a Hoosier farmboy in Lincoln's army :
|b the Civil War letters of Pvt. John R. McClure : for young people /
|c edited by Nancy N. Baxter.
|
| 250 |
|
|
|a 2nd ed., rev.
|
| 264 |
|
1 |
|a Indianapolis :
|b Guild Press of Indiana, Inc.,
|c [1992]
|
| 264 |
|
4 |
|c ©1992
|
| 300 |
|
|
|a 67 pages :
|b illustrations ;
|c 24 cm.
|
| 336 |
|
|
|a text
|b txt
|2 rdacontent
|
| 337 |
|
|
|a unmediated
|b n
|2 rdamedia
|
| 338 |
|
|
|a volume
|b nc
|2 rdacarrier
|
| 600 |
1 |
0 |
|a McClure, John R.
|
| 651 |
|
0 |
|a United States
|x History
|y Civil War, 1861-1865
|v Personal narratives.
|
| 610 |
1 |
0 |
|a United States.
|b Army.
|b Indiana Infantry Regiment, 14th (1861-1864)
|
| 651 |
|
0 |
|a United States
|x History
|y Civil War, 1861-1865
|x Regimental histories.
|
| 700 |
1 |
|
|a Baxter, Nancy Niblack.
|
| 999 |
|
|
|a MARS
|
| 999 |
f |
f |
|s dcfe20cc-c67c-31f0-9700-78e49c3c070f
|i 30252689-3964-3ff3-9f0a-c667ae7faafb
|t 0
|
| 952 |
f |
f |
|p ric
|a Texas A&M University
|b Rellis Campus
|c Joint Library Facility
|d Remote Storage
|t 0
|e E601 .M13 1992
|h Library of Congress classification
|i unmediated -- volume
|m A14818570618
|
| 998 |
f |
f |
|a E601 .M13 1992
|t 0
|l Remote Storage
|